Kurfürsten des Heiligen Römischen Reichs - Statistiken

Allgemein
  • Dieses Quiz wurde 137 mal gespielt
  • Das Durchschnittsergebnis liegt bei 7 aus 9
Antwortstatistiken
Erzamt Reichsfürst Zeitraum % Korrekt
Reichserzkanzler für Italien Erzbischof von {Köln}
93%
Reichserzkanzler für Deutschland Erzbischof von {Mainz}
89%
Erzmarschall Herzog von {Sachsen}
89%
Reichserzkanzler für Burgund Erzbischof von {Trier}
87%
Erzkämmerer Markgraf von {Brandenburg}
85%
Erzschatzmeister Herzog von {Bayern} seit 1623/48
84%
Erzmundschenk König von {Böhmen}
81%
Erztruchsess Pfalzgraf bei {Rhein} bis 1777 nicht von 1623-1648
62%
Erzbannerträger Herzog von {Braunschweig-Lüneburg} seit 1692
56%
Keine übereinstimmenden Quizze gefunden
Verteilung der Resultate
Anzahl Personen mit jedem Resultat
Perzentil nach korrekt beantworteten Fragen
Ihre Resultats-Entwicklung
Sie haben dieses Quiz noch nicht gespielt